Âm nhạc và phương pháp dạy học âm nhạc ở tiểu học : Tài liệu đào tạo từ trình độ THST lên CĐSP và bồi dưỡng giáo viên tiểu học /
Đã lưu trong:
| 主要作者: | |
|---|---|
| 格式: | Sách giấy |
| 语言: | Vietnamese |
| 出版: |
H. :
Giáo dục,
2006.
|
| 丛编: | Dự án phát triển giáo viên tiểu học
|
| 主题: | |
| 标签: |
添加标签
没有标签, 成为第一个标记此记录!
|
| Thư viện lưu trữ: | Thư viện Trường Đại học Đà Lạt |
|---|
| LEADER | 00990nam a2200313 4500 | ||
|---|---|---|---|
| 001 | DLU120133207 | ||
| 005 | ##20120403 | ||
| 040 | # | # | |a DLU |b vie |
| 041 | # | # | |a vie |
| 044 | # | # | |a vn |
| 082 | # | # | |a 372.870 44 |b HO-L |
| 100 | # | # | |a Hoàng Long. |
| 245 | # | # | |a Âm nhạc và phương pháp dạy học âm nhạc ở tiểu học : |b Tài liệu đào tạo từ trình độ THST lên CĐSP và bồi dưỡng giáo viên tiểu học / |c Hoàng Long. |
| 246 | # | # | |a Âm nhạc và phương pháp dạy học âm nhạc ở tiểu học : |b Tài liệu đào tạo giáo viên |
| 260 | # | # | |a H. : |b Giáo dục, |c 2006. |
| 300 | # | # | |a 64 tr. ; |c 29 cm. |
| 490 | # | # | |a Dự án phát triển giáo viên tiểu học |
| 650 | # | # | |a Âm nhạc học đường. |
| 923 | # | # | |a 01/2012SP |
| 991 | # | # | |a GT |
| 992 | # | # | |a 0 |
| 994 | # | # | |a KSP |
| 900 | # | # | |a True |
| 911 | # | # | |a Nguyễn Thanh Hương |
| 925 | # | # | |a G |
| 926 | # | # | |a A |
| 927 | # | # | |a SH |
| 980 | # | # | |a Thư viện Trường Đại học Đà Lạt |